MARC

LEADER 00000nam0a2200000 4500
001 302924
005 20231102001543.0
035 |a (RuTPU)RU\TPU\book\328141 
090 |a 302924 
100 |a 20150827d1974 k y0rusy50 ca 
101 0 |a rus 
102 |a RU 
105 |a a z 001zy 
200 1 |a Импульсные устройства с нелинейными распределенными параметрами  |f Ю. К. Богатырев 
210 |a Москва  |c Советское радио  |d 1974 
215 |a 280 с.  |c ил. 
320 |a Библиогр.: с. 268-275. 
320 |a Предметный указатель: с. 276-278. 
606 1 |a Импульсные устройства  |2 stltpush  |3 (RuTPU)RU\TPU\subj\12449  |9 39229 
610 1 |a нелинейные процессы 
610 1 |a распределенные параметры 
610 1 |a волновые системы 
610 1 |a импульсные сигналы 
610 1 |a импульсные генераторы 
675 |a 621.374  |v 3 
700 1 |a Богатырев  |b Ю. К.  |g Юрий Константинович 
801 1 |a RU  |b 63413507  |c 20150827 
801 2 |a RU  |b 63413507  |c 20150908  |g RCR 
942 |c BK